000 00309 a2200145 4500
001 170101
020 _a
040 _cMagnum
100 _aPalombo, Antônio Sérgio
240 1 0 _aAs cicatrizes de nhonho
_lpor
245 1 0 _aAs cicatrizes de nhonho
362 0 _a1899
697 _aIJ/GERAL
942 _cBK
999 _c170101
_d170101